Ceny a mzdy po vstupu do EU

Ekonomický rast Španielska, Portugalska a Írska po ich vstupe do EÚ. Rozpočet EÚ na rok 2005. Reforma poľnohospodárskej politiky. Pohyb hladiny cien. Mzdy v krajinách strednej a východnej Európy. Náklady zamestnávateľov na zamestnanie pracovnej sily v EÚ. Služby, nájomné, ceny bytov a nehnuteľno...

Descrizione completa

Salvato in:
Dettagli Bibliografici
Autore principale: Fejtek, Petr
Natura: Capitolo di libro
Lingua:ceco
Soggetti:
Tags: Aggiungi Tag
Nessun Tag, puoi essere il primo ad aggiungerne!!

MARC

LEADER 00000naa$a2200000$$$4500
001 0003388
005 20231004101158.9
041 0 |a cze 
044 |a CZ 
245 1 0 |a Ceny a mzdy po vstupu do EU  |c aut. Petr Fejtek 
520 |a Ekonomický rast Španielska, Portugalska a Írska po ich vstupe do EÚ. Rozpočet EÚ na rok 2005. Reforma poľnohospodárskej politiky. Pohyb hladiny cien. Mzdy v krajinách strednej a východnej Európy. Náklady zamestnávateľov na zamestnanie pracovnej sily v EÚ. Služby, nájomné, ceny bytov a nehnuteľností. 
610 2 0 |a Európska únia 
610 2 0 |a rast hospodársky 
610 2 0 |a SVE 
610 2 0 |a politika poľnohospodárska 
610 2 0 |a ceny 
610 2 0 |a mzdy 
610 2 0 |a služby 
610 2 0 |a Španielsko 
610 2 0 |a Portugalsko 
610 2 0 |a Írsko 
100 1 |a Fejtek, Petr